|
|
|
|
| LEADER |
00000naa a2200000uu 4500 |
| 001 |
vtls010926780 |
| 003 |
SK-MaSNL |
| 005 |
20260302130544.0 |
| 008 |
210824|2011 xo |||||||||||||||||eng| |
| 015 |
|
|
|a SNBRA
|
| 035 |
|
|
|a (urnnbn)urn:nbn:sk:snk:ar-a0b0g1
|
| 035 |
|
|
|a (uuid)abaf917c-ef0c-4f53-8345-d9e2fcf6f045
|
| 035 |
|
|
|a urn:nbn:sk:snk-aatt1c
|
| 040 |
|
|
|a SNKBUCL
|b slo
|c SNKBUCL
|e AACR2
|
| 041 |
0 |
|
|a eng
|
| 044 |
|
|
|a xo
|c SK
|
| 100 |
1 |
|
|a Matkowski, Przemyslaw
|4 aut
|9 814250
|
| 245 |
1 |
0 |
|a Reliability of SnAgCu Solder Joints During Vibration Tests in Various Temperature
|c Przemyslaw Matkowski
|
| 773 |
0 |
|
|t ISSE 2011
|d Of Košice : Technical University, 2011
|g S. 18-19
|z 9788055306469
|
| 958 |
|
|
|a OND
|
| 958 |
|
|
|a article11
|
| 958 |
|
|
|a chapter
|
| 999 |
|
|
|c 1301398
|d 1303328
|